000 01042nas a2200325 4500
001 BR0802873
003 BR-BrBNA
005 20231205112153.0
007 ta
008 230509b bl.|||p| |||| 00| 00por d
040 _aBR-BrBNA
_bpor
_cBiblioteca Nacional de Agricultura
041 _a(Pt)
072 _aL02; Q04
100 1 _aFernandes, M.F.
100 1 _aQueiroga, R. de C.R. do E.
100 1 _aMedeiros, A.N. de
100 1 _aCosta, R.G.
100 1 _aBomfim, M.A.D.
100 1 _aBraga, A.A.
245 1 _aCaracterísticas físico-químicas e perfil lipídico do leite de cabras mestiças Moxotó alimentadas com dietas suplementadas com óleo de semente de algodão ou de girassol
650 _aCABRA
650 _aRAÇÃO
650 _aLEITE DE CABRA
650 _aLIPÍDIO
650 _aÓLEO VEGETAL
650 _aDIETA
773 0 _tRevista Brasileira de Zootecnia (Brazil)
_xISSN 1516-3598
_g(Apr 2008), v. 37(4) p. 703-710
_wBR0802873
909 _a202311
_bLúcia
_c55
_dLúcia Elande
942 _2AGRIS
_n0
_cANA
999 _c196494
_d196494